100 best Football teams according to FC 24 - Statistics

General Stats
  • This quiz has been taken 634 times
  • The average score is 53 of 100
Answer Stats
Rating League Answer % Correct
85 Premier League Manchester City
99%
85 La Liga Real Madrid
98%
84 La Liga Barcelona
97%
84 Bundesliga Bayern Munich
97%
83 Premier League Liverpool
97%
82 Premier League Manchester United
96%
83 Ligue 1 Paris Saint-Germain
96%
82 Premier League Arsenal
95%
83 La Liga Atletico Madrid
94%
82 Serie A Inter Milan
94%
80 Serie A AC Milan
93%
80 Premier League Chelsea
92%
80 Serie A Juventus
90%
81 Premier League Tottenham
89%
81 Bundesliga Dortmund
88%
80 Premier League Aston Villa
87%
81 Serie A Napoli
87%
81 Premier League Newcastle United
84%
80 Serie A Roma
79%
78 Ligue 1 Marseille
75%
75 Eredivisie Ajax
74%
80 La Liga Sevilla
74%
78 Premier League West Ham
74%
75 La Liga Valencia
73%
80 Serie A Lazio
72%
77 Premier League Everton
71%
78 Primeira Liga Porto
71%
79 Primeira Liga Benfica
68%
77 Premier League Brighton
68%
76 Eredivisie PSV
68%
78 Super Lig Galatasaray
67%
80 Bundesliga Bayer Leverkusen
65%
75 Championship Leicester City
65%
76 Ligue 1 Lille
65%
77 Primeira Liga Sporting
65%
76 Premier League Crystal Palace
63%
79 La Liga Real Betis
63%
77 Ligue 1 Monaco
61%
74 Scottish Premiership Celtic
60%
79 La Liga Real Sociedad
60%
76 Saudi Pro League Al Nassr
59%
78 Serie A Atalanta
59%
80 Bundesliga RB Leipzig
59%
76 Eredivisie Feyenoord
58%
78 Seria A Fiorentina
57%
77 Premier League Nottingham Forest
57%
77 Premier League Fulham
56%
77 Saudi Pro League Al Hilal
55%
76 Premier League Brentford
54%
76 Bundesliga Frankfurt
54%
76 Ligue 1 Olympique Lyonnaise
54%
76 Premier League Wolves
54%
75 Premier League Bournemouth
51%
79 La Liga Villareal
50%
76 La Liga Girona
49%
76 Argentina 1st division River Plate
49%
77 Bundesliga Wolfsburg
49%
75 Super Lig Besiktas
47%
75 Primera Division Boca Juniors
47%
74 Belgian Pro League Club Brugge
47%
77 Super Lig Fenerbahce
47%
75 Serie A Torino
47%
74 Premier League Burnley
46%
74 Serie A Bologna
45%
76 Ligue 1 Nice
44%
77 Bundesliga Union Berlin
43%
74 Bundesliga Werder Bremen
42%
76 Primerira Liga Braga
41%
76 La Liga Getafe
40%
76 Bundesliga Monchengladbach
40%
77 Ligue 1 Lens
39%
74 Belgian Pro League Anderlecht
38%
76 La Liga Celta Vigo
38%
76 Brasileiro Flamengo
37%
74 La Liga Espanyol
36%
77 Saudi Pro League Al Ittihad
35%
74 Bundesliga Koln
35%
76 Bundesliga Hoffenheim
34%
76 La Liga Mallorca
34%
79 La Liga Athletic Club
32%
75 Bundesliga Mainz
29%
74 Serie A Udinese
29%
76 Bundesliga Freiburg
28%
77 La Liga Osasuna
27%
76 Brasileiro Palmeiras
27%
74 Budesliga Augsburg
24%
75 Serie A Sassuolo
22%
74 Super Lig Trabzonspor
19%
75 La Liga Cadiz
15%
75 Serie A Monza
14%
74 Serie A Hellas Verona
13%
75 Primera Division Almeria
12%
76 Ligue 1 Rennais
8%
74 Brasileiro Internacional
7%
76 La Liga Vallecano
7%
75 Rest of the World AEK Athens
5%
75 Brasileiro Mineiro
5%
74 Rest of the World Panthinaikos
1%
74 Brasileiro Paranaense
1%
74 Brasileiro RB Bragantino
1%
No matching quizzes found
Score Distribution
Percent of People with Each Score
Percentile by Number Answered
Your Score History
You have not taken this quiz